000 00808nam a22002297a 4500
008 240702b mp ||||| |||| 00| 0 mon d
020 _a978-99929-3-043-8
035 _a13595
040 _aZA2481090
_bmon
_cMN-UlNLM
_dMN-UlNLM
_erda
041 _amon
042 _a31539
084 _2NNA
_a84/4ИхБр/-44
_bЛ-58
100 _aЛиндгрен А.
245 0 _aЖаалхүү Карлсон
264 _aУлаанбаатар
_bУрлах эрдэм
_c2011
300 _a282х.
336 _2rdacontent
_atext
_btxt
337 _2rdamedia
_aunmediated
_bn
338 _2rdacarrier
_avolume
_bnc
650 _aдээвэр дээр суудаг карлсон, карлсон цамхаг босгосон нь, карлсон майхан болж тоглосон нь ...
942 _2NNA
_cBK
999 _c1081532
_d1081589